000 00794nam a2200325Ia 4500
008 161109s9999||||xx |||||||||||||| ||und||
020 _a"81-7030-777-5(Vol.III), 81-7030-771-6(Set)"
040 _cEng - SKT
082 _aVi.A /
082 _bBORI-100663
100 _aMahaprabhu Shri Vallabhacharya
245 _aSri Subodhini
250 _b1
260 _aDelhi
260 _bSri Satguru Publications
260 _c2003
300 _axvi + 1427 + 5
300 _bIII
300 _cB
300 _eHardbound
530 _u0000100663.Pdf
563 _aText
600 _aMahaprabhu Shri Vallabhacharya
630 _aSri Subodhini
650 _aEpic
650 _aPuran
700 _aMahaprabhu Shri Vallabhacharya
730 _aSri Subodhini
942 _cBOOK
999 _c1406291
_d1406288